| 000 | 00684 a2200265 4500 | ||
|---|---|---|---|
| 001 | 5858 | ||
| 003 | Complexo Educacional Contemporaneo | ||
| 005 | 20230919125846.0 | ||
| 008 | 191216s1992 r por d | ||
| 020 | _a85-7164-282-6 | ||
| 040 |
_aComplexo Educacional Contemporaneo _bpor |
||
| 080 | _a91 | ||
| 082 | _a91 | ||
| 090 |
_a91 K65p _bAP |
||
| 100 | _aKlink, Amyr | ||
| 240 | 1 | 0 |
_aParatii: Entre Dois Pólos _lPortuguês |
| 260 |
_aSão Paulo _bCompanhia das Letras _c1992 |
||
| 300 | _a228p. | ||
| 362 | 0 | _a(1992) | |
| 650 | 4 | _aBarco | |
| 650 | 4 | _aMar | |
| 650 | 4 | _aViagem | |
| 245 | 1 | 0 | _aParatii: Entre Dois Pólos |
| 999 |
_c5858 _d5858 |
||